000
00347nam a2200145Ia 4500
008
230718s9999 xx 000 0 und d
041
_a
Eng.
082
_a
348.028
_b
WEL-I
100
_a
Wellington Harry H.
245
0
_a
Interpreting the Constitation
260
_a
Pakistan
_b
Universal Law
_c
2005
300
_a
196
650
_a
Law
999
_c
29848
_d
29848